Quizzes
Events
Quiz Creation
Community
Videos
Private Events
Remove Ads
Sign In
Join for FREE
Feedback
Dark Mode
Quiz Categories
Sports
Geography
Music
Movies
Television
Just For Fun
Miscellaneous
History
Literature
Language
Science
Gaming
Entertainment
Religion
Holiday
For Kids
Quiz Lab
Recent
Popular Today
Quiz Kudos Today
Editor Picks
Curator Picks
Quizzes by...
Day
Popularity
Type
Ratings
Length
Year
Community
Subscriptions
Recent Discussions
Orange Saloon
Badges
Playlists
Quests
Create
Leaderboards
Showdown
Live 5
Trivia Bingo
Activity
Puzzle Library
Sporcle Events
Private Events
Virtual Trivia
Globe League
Become a Host
Pub Owners
SporcleCon
Opinionation
Our Games
Videos
Blog
Mobile Apps
Partnerships
Remove Ads and Go Orange
Feedback
Music
Pop Music
The Beatles
Song
Album
Lyrics
Bands
Singers
Artist
Clip
Rock
Rap
Classical
Billboard
Country Music
Kpop
Taylor Swift
Music
Pop Music
The Beatles
Song
Album
Lyrics
Bands
Singers
Artist
Clip
Rock
Rap
Classical
Billboard
Country Music
Kpop
Taylor Swift
Random Quiz
Search Sporcle
×
Quiz Lab
Quiz Lab
Music
Lyrics
Type in answers that appear in a list
Type in answers that appear in a list
Classic
Best Score? Go Orange.
Just A Kiss Lyrics Stats
Can you name the Lyrics to Lady Antebellum's 'Just A Kiss'?
By
TheGeekyDreamer
5m
20 Questions
746 Plays
746 Plays
746 Plays
Comments
Comments
Give Quiz Kudos
Give Quiz Kudos
-
- Ratings
hide this ad
Forced Order
Answers have to be entered in order
Answers have to be entered in order
Replay
Link that replays current quiz
Next Quiz
Link to next quiz in quiz playlist
You Got
0%
They Got
Avg Score
55%
Avg Friend Score
Upgrade to see
Score Distribution
Jump to the score distribution portion of the page
Score
0/20
Timer
05:00
0
Plays Today
Given Lyrics
Remaining Lyrics
% Correct
Lying here
with you so close to me
89.1%
We don't need to rush this
let's just take it slow
80.8%
I'm caught up in this moment
Caught up in your smile
77.7%
It's hard to fight these feelings
when it feels so hard to breath
77.3%
Just a shot in the dark that you just might
be the one I've been waiting for my whole life
68%
So baby, I'm alright
with just a kiss goodnight
67.4%
It's never felt so real, no,
it's never felt so right
64.2%
chorus, hint: type 'chorus'
chorus
62.5%
I've never opened up to anyone, So hard to
hold back when I'm holding you in my arms
61.1%
Just a kiss on your lips in the moonlight
Just a touch of the fire burning so bright
61.1%
Given Lyrics
Remaining Lyrics
% Correct
And I don't want to mess this thing up, No,
I don't want to push too far
52%
I know that if we give this a little time, it'll only
bring us closer to the love we wanna find
49.7%
But you'll be in my dreams,
tonight, tonight, tonight
44.5%
Just a shot in the dark that you just might
Be the one I've been waiting for my whole life
41.3%
Just a kiss on your lips in the moonlight
Just a touch of the fire burning so bright
39.7%
So baby,
I'm alright
39.3%
Oh, let's do this right with
just a kiss goodnight
37.9%
And I don't want to mess this thing up
I don't want to push too far
35.7%
With a kiss goodnight,
kiss goodnight
33.9%
No, I don't want to say goodnight
I know it's time to leave
29.4%
Quiz Playlist
Details
Report
Send in Message
Add To Playlist
Classic:
Type in answers that appear in a list
Forced Order:
Answers have to be entered in order
Quiz Source
Last Updated: Feb 16, 2017
Quiz Scoreboard
CHALLENGE
Sign Up to Join the Scoreboard
Show All
Scores
Hide
Comments
May contain spoilers
Recently Published
Decade Duel: World Leaders
by jenniferyan
History
4m
Alphabetical 'K' Countries by Flag Minefield
by ylime102
Geography
3m
Pick 6: Fruits
by JohnFran
Miscellaneous
15s
More to Explore
Quiz From the Vault
Featured Blog Post
15 Basketball Trivia Facts You Can Be March Mad About
hide this ad
You Might Also Like...
Tags
Country Music Quiz
Lyrics Quiz
Love Songs
Today's Top Quizzes in Music
Browse Music
hide this ad
Today's Top Quizzes in Lyrics
Browse Lyrics
Top Contributed Quizzes in Music
1
Taylor Swift All Songs (2024)
2
Taylor Swift Logic Puzzle
3
KPOP LOGIC QUIZ
4
Guess the Taylor Swift song (Mystery Song)
5
A Taylor Swift Logic Puzzle
6
Guess The Taylor Swift Lyrics Song #1
7
kpop group name match up
8
K-Pop : 100 Debut Songs (Part 1 of 3)
9
2 word kpop group match
10
Madness Songs By Image
Explore More
Trending Topics
Crossword
Marvel
Disney
NBA
Kpop
Anime
Harry Potter
Soccer
NFL
Country
Song
The Office
Pokémon
WWE
Puzzle
hide this ad
More By:
TheGeekyDreamer
Quiz
Plays
Rating
Category
Featured
Created
Honeybee Analogies
2,048
5.00
Music
Jul 20, 2011
Just A Kiss Lyrics
746
2.00
Music
Jul 20, 2011
Name the Song By the First Line
440
2.71
Music
Aug 18, 2011
Guess The Lyrics (#3)
324
2.17
Music
Nov 24, 2011
Every Grand Ole Opry Member
231
1.00
Music
Oct 1, 2011
Go to Creator's Profile
Score Distribution
Quiz Creator Spotlight
TheGeekyDreamer
Follow
Send a Message
Quizzes Created
-
Created Quiz Play Count
-
More By This Creator
Popular Quizzes Today
1
Countries of Asia Without Outlines Minefield
2
Find the US States - No Outlines Minefield
3
Pick 6: Fruits
4
Alphabetical 'K' Countries by Flag Minefield
5
The Countries of the World
6
Find the Countries of Europe - No Outlines Minefield
7
Find the US States
8
US States
More Music Quizzes
Songs on The Velvet Underground & Nico
Curator's Pick
Trending Quizzes
Pick 6: Mountains
Pick 6: Harry Potter
Pick 6: Flags
Pick 6: NFL Teams
Pick 6: Movie Franchises
Recently Updated
Adaptations: Name the Title
pecheneg
NWSL Teams
pecheneg
Women's Final Four Teams by Year
bhenderson79
Presidents Quartet II
eogle
Anything But Clue(do)
eogle
Anything But Oceanian Capitals
eogle
Anything But 7
eogle
Anything But Thing
eogle
Word Ladder: February 29
pecheneg
Song Title Questions
pecheneg
Trending Topics
Anime
Kpop
Marvel
NBA
Disney
Harry Potter
Crossword
Pokémon
NFL
Song
Country
Soccer
The Office
WWE
Puzzle
Your Account Isn't Verified!
In order to create a playlist on Sporcle, you need to verify the email address you used during registration. Go to your
Sporcle Settings
to finish the process.
Report this User
Report this user for behavior that violates our
Community Guidelines
.
Details:
Send Report
Go to the Sporcle.com Mobile Site →
Comments